| 000 | 004270000a22001810004500 | ||
|---|---|---|---|
| 003 | MACL | ||
| 005 | 20150711144138.0 | ||
| 008 | 150711b xxu||||| |||| 00| 0 eng d | ||
| 040 |
_aMACL _cMACL |
||
| 041 | _aEnglish | ||
| 082 | _a320 | ||
| 100 |
_aTharoor,Shashi _91765 |
||
| 245 | _aIndia The Future Is Now | ||
| 260 |
_aNew Delhi _bWisdom Tree _c2013 |
||
| 350 | _a495 | ||
| 650 |
_aPolitics _91766 |
||
| 942 |
_cBK _k320 _2ddc |
||
| 999 |
_c49260 _d49260 |
||